El ser en la filosofía de Heidegger

Guardado en:
書目詳細資料
主要作者: Echauri, Raúl
格式: 圖書
語言:Undetermined
出版: Rosario, Argentina Universidad Nacional del Litoral 1964
主題:
標簽: 添加標簽
沒有標簽, 成為第一個標記此記錄!

MARC

LEADER 00000nam a2200000Ia 4500
008 170316s9999 xx 000 0 und d
090 |a 100 E-1s 
100 |a Echauri, Raúl 
245 |a El ser en la filosofía de Heidegger 
260 |a Rosario, Argentina 
260 |b Universidad Nacional del Litoral 
260 |c 1964 
300 |a 173 páginas 
650 |a FILOSOFÍA 
650 |a HEIDEGGER 
650 |a PROBLEMA METAFÍSICO 
650 |a MANIFESTACION DEL SER 
999 |c 16110  |d 16110 
040 |a cru BVZT 
942 |c 15 D  |h 100 E-1s  |2 z